[Event "16. Obert Int. Sant Martí 2014 Grupo B"]
[Site "Barcelona ESP"]
[Date "2014.07.18"]
[Round "6.45"]
[White "Jourde, Michel"]
[Black "Domenche Redondo, Francesc"]
[Result "1-0"]
[WhiteElo "1805"]
[BlackElo "1906"]
[PlyCount "51"]
[EventDate "2014.07.13"]
[EventType "swiss"]
[EventRounds "9"]
[EventCountry "ESP"]
[Source "lmi"]
[SourceDate "2014.07.13"]

1. e4 e5 2. Nf3 Nf6 3. Nxe5 d6 4. Nf3 Nxe4 5. Be2 Be7 6. O-O O-O 7. d3 Nf6 8.
Nc3 Nc6 9. Bf4 Bf5 10. Nh4 Be6 11. Nf3 Bf5 12. d4 Nh5 13. Be3 Nf6 14. d5 Ne5
15. Nd4 Bg4 16. f3 Bd7 17. h3 Ne8 18. f4 Ng6 19. Ne4 Nf6 20. Nc3 Re8 21. Bd3
Bf8 22. Bd2 Ne7 23. Qf3 Ng6 24. g4 Be7 25. g5 Nh4 26. Qg3 1-0

[Event "16. Obert Int. Sant Martí 2014 Grupo B"]
[Site "Barcelona ESP"]
[Date "2014.07.18"]
[Round "6.46"]
[White "Mas Sayos, Lluis"]
[Black "Navas Martin, Jordi"]
[Result "0-1"]
[WhiteElo "1823"]
[BlackElo "2024"]
[PlyCount "54"]
[EventDate "2014.07.13"]
[EventType "swiss"]
[EventRounds "9"]
[EventCountry "ESP"]
[Source "lmi"]
[SourceDate "2014.07.13"]

1. d4 g6 2. c4 Bg7 3. e4 d6 4. Nc3 Nf6 5. f3 Nbd7 6. g4 e5 7. d5 a6 8. a4 h5 9.
g5 Nh7 10. h4 f6 11. Nh3 O-O 12. Be3 fxg5 13. Nxg5 Nxg5 14. Bxg5 Bf6 15. Rg1
Bxg5 16. Rxg5 Kh7 17. Qe2 Rf4 18. Qg2 Nf8 19. Qg3 Qf6 20. Bg2 Kh6 21. Qf2 Rxh4
22. Rg3 Rh2 23. Ne2 h4 24. O-O-O hxg3 25. Qf1 g5 26. Rd3 Ng6 27. Nxg3 Qf4+ 0-1

[Event "16. Obert Int. Sant Martí 2014 Grupo B"]
[Site "Barcelona ESP"]
[Date "2014.07.18"]
[Round "6.48"]
[White "Sarrio Vendrell, Nerea"]
[Black "Martinez Ferrer, Rafael"]
[Result "0-1"]
[WhiteElo "1792"]
[BlackElo "1931"]
[PlyCount "90"]
[EventDate "2014.07.13"]
[EventType "swiss"]
[EventRounds "9"]
[EventCountry "ESP"]
[Source "lmi"]
[SourceDate "2014.07.13"]

1. e4 c5 2. Nf3 d6 3. d4 cxd4 4. Nxd4 Nf6 5. Nc3 g6 6. Bb5+ Bd7 7. Bxd7+ Qxd7
8. O-O Bg7 9. Be3 O-O 10. Qd2 Nc6 11. Nf3 Ng4 12. Bf4 Rad8 13. Rad1 Nge5 14.
Nxe5 Nxe5 15. Ne2 Qg4 16. Ng3 Nc4 17. Qe2 Qxf4 18. Qxc4 Rc8 19. Qb3 h5 20. Qxb7
Rxc2 21. Qxa7 h4 22. Nh1 Be5 23. g3 Qxe4 24. Rfe1 Qc6 25. gxh4 Qf3 26. Qxe7
Rxb2 27. Qg5 Kg7 28. Rc1 Rh8 29. Re3 Qf4 30. Qxf4 Bxf4 31. Ra1 Bxe3 32. fxe3
Rxh4 33. a4 Rhxh2 34. a5 Ra2 35. Rxa2 Rxa2 36. Ng3 Rxa5 37. Kf2 f5 38. Kf3 Kf6
39. Kf4 Ra4+ 40. Kf3 d5 41. Ne2 g5 42. Kg3 Ra3 43. Kf2 Ke5 44. Ng3 Ra2+ 45. Kf3
g4# 0-1

[Event "16. Obert Int. Sant Martí 2014 Grupo B"]
[Site "Barcelona ESP"]
[Date "2014.07.18"]
[Round "6.49"]
[White "Montoro Rueda, Raul"]
[Black "Muratet Carmona, Alexandra"]
[Result "0-1"]
[WhiteElo "1775"]
[BlackElo "1901"]
[PlyCount "40"]
[EventDate "2014.07.13"]
[EventType "swiss"]
[EventRounds "9"]
[EventCountry "ESP"]
[Source "lmi"]
[SourceDate "2014.07.13"]

1. Nf3 d5 2. d4 Nf6 3. Nc3 Bf5 4. e3 Nbd7 5. g3 c6 6. a3 Qc7 7. Bg2 e5 8. dxe5
Nxe5 9. O-O Bd6 10. Qe2 O-O 11. Nd4 Bg6 12. Na2 Rfe8 13. Bd2 a6 14. Bc3 Ne4 15.
Be1 c5 16. Nf3 Bh5 17. c3 Ng5 18. Qd1 Bxf3 19. Bxf3 Nexf3+ 20. Kg2 Qd7 0-1

[Event "16. Obert Int. Sant Martí 2014 Grupo B"]
[Site "Barcelona ESP"]
[Date "2014.07.18"]
[Round "6.50"]
[White "Flores Muñoz, Daniel"]
[Black "Solís Calancha, Jordi"]
[Result "0-1"]
[WhiteElo "1899"]
[BlackElo "1810"]
[PlyCount "48"]
[EventDate "2014.07.13"]
[EventType "swiss"]
[EventRounds "9"]
[EventCountry "ESP"]
[Source "lmi"]
[SourceDate "2014.07.13"]

1. d4 Nf6 2. Nf3 d6 3. e3 g6 4. Bd3 Bg7 5. O-O O-O 6. c3 Bg4 7. h3 Bd7 8. e4 c5
9. d5 e5 10. Bg5 h6 11. Be3 c4 12. Bc2 Na6 13. Nbd2 Rc8 14. a4 Nc5 15. Bxc5
Rxc5 16. Qe2 Nh5 17. Qe3 Nf4 18. b4 Rc7 19. Rfd1 f5 20. Kh2 fxe4 21. Bxe4 Bf5
22. Bxf5 Rxf5 23. Rf1 Nxd5 24. Rac1 Nxe3 0-1

[Event "16. Obert Int. Sant Martí 2014 Grupo B"]
[Site "Barcelona ESP"]
[Date "2014.07.18"]
[Round "6.51"]
[White "Brunet Gil, Pol"]
[Black "Castaño Jimenez, Andreu"]
[Result "0-1"]
[WhiteElo "1880"]
[BlackElo "1779"]
[PlyCount "106"]
[EventDate "2014.07.13"]
[EventType "swiss"]
[EventRounds "9"]
[EventCountry "ESP"]
[Source "lmi"]
[SourceDate "2014.07.13"]

1. e4 e5 2. Nf3 Nc6 3. d4 exd4 4. Nxd4 Nf6 5. Nxc6 bxc6 6. e5 Qe7 7. Qe2 Nd5 8.
c4 Ba6 9. b3 g6 10. Bb2 Bg7 11. g3 O-O 12. f4 Rfe8 13. Nd2 d6 14. Nf3 dxe5 15.
Nxe5 Bxe5 16. Bxe5 f6 17. Qd2 Nb4 18. a3 fxe5 19. Qxb4 exf4+ 20. Qxe7 Rxe7+ 21.
Kf2 fxg3+ 22. hxg3 c5 23. Bg2 Rf8+ 24. Kg1 Re3 25. Rb1 Rxg3 26. Kh2 Rxg2+ 27.
Kxg2 Bb7+ 28. Kg3 Bxh1 29. Rxh1 Rf5 30. Re1 Kf7 31. Re4 Kf6 32. Kg4 Rf1 33. Re3
h5+ 34. Kh4 Kf5 35. Re7 g5+ 36. Kg3 h4+ 37. Kg2 Rb1 38. Rxc7 Rxb3 39. Rxc5+ Kf4
40. Ra5 h3+ 41. Kh2 Rb2+ 42. Kh1 g4 43. Rd5 g3 44. Rd1 Rc2 45. Rd4+ Ke3 46. Rd1
Rxc4 47. Re1+ Kf2 48. Ra1 Re4 49. Ra2+ Re2 50. Rxe2+ Kxe2 51. Kg1 Kf3 52. a4
h2+ 53. Kh1 Kf2 0-1

[Event "16. Obert Int. Sant Martí 2014 Grupo B"]
[Site "Barcelona ESP"]
[Date "2014.07.18"]
[Round "6.52"]
[White "Gomez Guinovart, Josep Manel"]
[Black "Garcia Extremera, Manuel"]
[Result "1/2-1/2"]
[WhiteElo "1873"]
[BlackElo "1759"]
[PlyCount "43"]
[EventDate "2014.07.13"]
[EventType "swiss"]
[EventRounds "9"]
[EventCountry "ESP"]
[Source "lmi"]
[SourceDate "2014.07.13"]

1. d4 Nf6 2. Nf3 e6 3. c4 Bb4+ 4. Bd2 c5 5. dxc5 Bxc5 6. Nc3 a6 7. e3 Nc6 8. a3
O-O 9. Be2 d5 10. b4 Be7 11. c5 Ne4 12. O-O Bf6 13. Rc1 Nxc3 14. Bxc3 e5 15.
Qc2 e4 16. Bxf6 Qxf6 17. Ne1 Qg6 18. Qd1 Bh3 19. Qxd5 Be6 20. Qh5 Qxh5 21. Bxh5
Rad8 22. Nc2 1/2-1/2

[Event "16. Obert Int. Sant Martí 2014 Grupo B"]
[Site "Barcelona ESP"]
[Date "2014.07.18"]
[Round "6.53"]
[White "Cassi De La Viuda, Àlex"]
[Black "Navarro Pastor, Raul"]
[Result "1-0"]
[WhiteElo "1700"]
[BlackElo "1868"]
[PlyCount "107"]
[EventDate "2014.07.13"]
[EventType "swiss"]
[EventRounds "9"]
[EventCountry "ESP"]
[Source "lmi"]
[SourceDate "2014.07.13"]

1. e4 e6 2. d4 d5 3. exd5 exd5 4. Nc3 Nf6 5. Nf3 Bd6 6. Bd3 O-O 7. O-O Bg4 8.
Bg5 c6 9. Ne2 Bxf3 10. gxf3 Nbd7 11. Kh1 Qc7 12. Ng3 h6 13. Be3 Rfe8 14. Rg1
Bf4 15. Qd2 Bxe3 16. fxe3 Kh8 17. Nf5 Rg8 18. Rg2 Nf8 19. Rag1 Ng6 20. h4 Nh5
21. Be2 Qd7 22. e4 Nhf4 23. Rg4 dxe4 24. fxe4 Qc7 25. h5 Nxe2 26. Qxe2 Nf4 27.
Qe3 Nxh5 28. Nxg7 Rxg7 29. Rxg7 Qf4 30. Qxf4 Nxf4 31. Rxf7 Ne2 32. Rgg7 Nxd4
33. Rh7+ Kg8 34. Rfg7+ Kf8 35. Rxb7 Kg8 36. Rxa7 Rb8 37. b3 Nxc2 38. e5 Nd4 39.
Rxh6 Nf5 40. Rg6+ Kh8 41. e6 Re8 42. Rf6 Ng3+ 43. Kg2 Ne4 44. Rg6 Nc5 45. Ra5
Rxe6 46. Rxe6 Nxe6 47. Ra7 Kg8 48. a4 Kf8 49. a5 Ke8 50. a6 Kd8 51. Rb7 Kc8 52.
Kf3 Nc5 53. Rb6 Ne6 54. Rxc6+ 1-0

[Event "16. Obert Int. Sant Martí 2014 Grupo B"]
[Site "Barcelona ESP"]
[Date "2014.07.18"]
[Round "6.54"]
[White "Romeo Ros, Joaquim"]
[Black "Pascual Duran, Pau"]
[Result "0-1"]
[WhiteElo "1858"]
[BlackElo "1762"]
[PlyCount "52"]
[EventDate "2014.07.13"]
[EventType "swiss"]
[EventRounds "9"]
[EventCountry "ESP"]
[Source "lmi"]
[SourceDate "2014.07.13"]

1. d4 Nf6 2. c4 g6 3. Nc3 Bg7 4. e4 d6 5. f4 O-O 6. Nf3 Nbd7 7. Be2 c5 8. d5
Nh5 9. O-O Ndf6 10. Ne1 Re8 11. g4 Nxg4 12. Bxg4 Bd4+ 13. Kh1 Ng7 14. Nd3 f5
15. Bf3 e6 16. e5 exd5 17. Bxd5+ Be6 18. Nb5 dxe5 19. Nxd4 Bxd5+ 20. cxd5 cxd4
21. Nxe5 Qxd5+ 22. Qf3 Qb5 23. a4 Qb6 24. Bd2 Qxb2 25. Qd5+ Ne6 26. Nc4 Qc2 0-1

[Event "16. Obert Int. Sant Martí 2014 Grupo B"]
[Site "Barcelona ESP"]
[Date "2014.07.18"]
[Round "6.55"]
[White "Pascual Gonzalez-Novelles, David"]
[Black "Ballve Monte, Antoni"]
[Result "1-0"]
[WhiteElo "1855"]
[BlackElo "1750"]
[PlyCount "81"]
[EventDate "2014.07.13"]
[EventType "swiss"]
[EventRounds "9"]
[EventCountry "ESP"]
[Source "lmi"]
[SourceDate "2014.07.13"]

1. e4 e5 2. Nf3 Nc6 3. b3 Nf6 4. Bb2 Bc5 5. Bc4 d6 6. O-O O-O 7. Nc3 a6 8. a4
Bg4 9. h3 Bh5 10. Be2 Bg6 11. d3 Nh5 12. Nxe5 Ng3 13. Nxc6 Nxe2+ 14. Nxe2 bxc6
15. Ng3 Qg5 16. Kh1 d5 17. d4 Bd6 18. e5 Bb4 19. c3 Ba5 20. b4 Bb6 21. Bc1 Qe7
22. f4 h6 23. f5 Qh4 24. Kh2 Bh7 25. Rf4 Qd8 26. f6 g6 27. Qg4 a5 28. Nf5 axb4
29. Ne7+ Kh8 30. Nxc6 Qe8 31. Nxb4 Rxa4 32. Rxa4 Qxa4 33. Rf3 h5 34. Qh4 c6 35.
Bh6 Ra8 36. Bg7+ Kg8 37. Qg5 Bxd4 38. cxd4 Qxb4 39. Qh6 Qb8 40. Rb3 Qxb3 41.
Bh8 1-0

[Event "16. Obert Int. Sant Martí 2014 Grupo B"]
[Site "Barcelona ESP"]
[Date "2014.07.18"]
[Round "6.56"]
[White "Sanz Ogaya, Mario"]
[Black "Valbuena Castro, Gregorio"]
[Result "1-0"]
[WhiteElo "1700"]
[BlackElo "1851"]
[PlyCount "57"]
[EventDate "2014.07.13"]
[EventType "swiss"]
[EventRounds "9"]
[EventCountry "ESP"]
[Source "lmi"]
[SourceDate "2014.07.13"]

1. Nf3 Nf6 2. g3 c5 3. c4 Nc6 4. Bg2 d5 5. cxd5 Nxd5 6. O-O e5 7. d3 Be7 8. Nc3
Be6 9. Bd2 O-O 10. Qc1 f6 11. a3 Rc8 12. Qd1 Nd4 13. Nxd4 cxd4 14. Nxd5 Bxd5
15. Bxd5+ Qxd5 16. Qa4 a5 17. Rfc1 b5 18. Qd1 a4 19. Rab1 Qa2 20. h3 Qe6 21.
Kh2 Rxc1 22. Rxc1 Rc8 23. Rc2 Kf7 24. Qc1 Rxc2 25. Qxc2 Qb3 26. Qc7 Ke6 27.
Qc8+ Kd5 28. Qd7+ Bd6 29. Bb4 1-0

[Event "16. Obert Int. Sant Martí 2014 Grupo B"]
[Site "Barcelona ESP"]
[Date "2014.07.18"]
[Round "6.57"]
[White "Martinez Torras, Pol"]
[Black "Palomero Galvez, Antoni"]
[Result "1/2-1/2"]
[WhiteElo "1849"]
[BlackElo "1750"]
[PlyCount "91"]
[EventDate "2014.07.13"]
[EventType "swiss"]
[EventRounds "9"]
[EventCountry "ESP"]
[Source "lmi"]
[SourceDate "2014.07.13"]

1. d4 Nf6 2. c4 e6 3. Nf3 b6 4. Nc3 Bb7 5. e3 Bb4 6. a3 Bxc3+ 7. bxc3 c5 8. Bd3
d6 9. O-O Nbd7 10. Re1 e5 11. e4 cxd4 12. cxd4 exd4 13. Nxd4 O-O 14. Bf4 Ne5
15. f3 Rc8 16. Rc1 Nxd3 17. Qxd3 Nh5 18. Be3 a6 19. Nf5 Rc6 20. Red1 Qc7 21. g4
Nf6 22. Bg5 Rd8 23. e5 h6 24. exf6 hxg5 25. Ne7+ Kf8 26. fxg7+ Kxg7 27. Qd4+ f6
28. Nxc6 Qxc6 29. Re1 Qxf3 30. Re7+ Kg6 31. Rxb7 Qxb7 32. Rf1 Qe7 33. Qxb6 Rh8
34. Qb1+ Kg7 35. Re1 Qa7+ 36. Kg2 Qd7 37. Qe4 Rb8 38. Qe7+ Qxe7 39. Rxe7+ Kg6
40. Ra7 Rb2+ 41. Kf1 Rxh2 42. Rxa6 Rh4 43. Rxd6 Rxg4 44. c5 Ra4 45. Rd3 Rc4 46.
Rd5 1/2-1/2

[Event "16. Obert Int. Sant Martí 2014 Grupo B"]
[Site "Barcelona ESP"]
[Date "2014.07.18"]
[Round "6.58"]
[White "Zia, Tahsin Tajwar"]
[Black "Ferre Navarro, Joan"]
[Result "1/2-1/2"]
[WhiteElo "1258"]
[BlackElo "1846"]
[PlyCount "84"]
[EventDate "2014.07.13"]
[EventType "swiss"]
[EventRounds "9"]
[EventCountry "ESP"]
[Source "lmi"]
[SourceDate "2014.07.13"]

1. Nf3 d5 2. g3 Nf6 3. Bg2 b6 4. b3 Bb7 5. Bb2 e6 6. O-O Bd6 7. d3 c5 8. Nbd2
Nbd7 9. c4 d4 10. e3 e5 11. exd4 exd4 12. Re1+ Kf8 13. Ne4 Bc7 14. Nxf6 Nxf6
15. Ne5 Bxg2 16. Kxg2 g6 17. Nc6 Qd6 18. Ne5 Re8 19. Nf3 Kg7 20. Qd2 Rhf8 21.
b4 Re7 22. Rxe7 Qxe7 23. Re1 Qd7 24. b5 Re8 25. Bc1 Rxe1 26. Nxe1 Qe6 27. a4
Ng4 28. Nf3 Qf5 29. h3 Ne5 30. Nxe5 Bxe5 31. Ba3 Bc7 32. Qe2 Qe5 33. Qxe5+ Bxe5
34. a5 f5 35. axb6 axb6 36. f4 Bd6 37. Kf3 h6 38. Bc1 Kf6 39. g4 Bc7 40. Bd2
Ke6 41. h4 h5 42. g5 Kd6 1/2-1/2

[Event "16. Obert Int. Sant Martí 2014 Grupo B"]
[Site "Barcelona ESP"]
[Date "2014.07.18"]
[Round "6.60"]
[White "Recacha Limeres, Sergi"]
[Black "Izquierdo Pujol, Pol"]
[Result "0-1"]
[WhiteElo "1839"]
[BlackElo "1721"]
[PlyCount "32"]
[EventDate "2014.07.13"]
[EventType "swiss"]
[EventRounds "9"]
[EventCountry "ESP"]
[Source "lmi"]
[SourceDate "2014.07.13"]

1. e4 c5 2. d4 cxd4 3. c3 dxc3 4. Nxc3 Nc6 5. Nf3 d6 6. Bc4 Nf6 7. e5 dxe5 8.
Bxf7+ Kxf7 9. Ng5+ Ke8 10. Qxd8+ Nxd8 11. Nb5 Nd5 12. O-O Ne6 13. Rd1 Ndc7 14.
Be3 Nxb5 15. Rac1 Nxg5 16. Bxg5 Nd6 0-1

[Event "16. Obert Int. Sant Martí 2014 Grupo B"]
[Site "Barcelona ESP"]
[Date "2014.07.18"]
[Round "6.61"]
[White "Ferrer Ache, Jesus"]
[Black "Fungueiriño Pique, Daniel"]
[Result "0-1"]
[WhiteElo "1728"]
[BlackElo "1864"]
[PlyCount "90"]
[EventDate "2014.07.13"]
[EventType "swiss"]
[EventRounds "9"]
[EventCountry "ESP"]
[Source "lmi"]
[SourceDate "2014.07.13"]

1. c4 e5 2. e4 Nf6 3. Nc3 Nc6 4. d3 Bc5 5. Be2 a6 6. Nf3 d6 7. Bg5 Be6 8. O-O
h6 9. Be3 Bxe3 10. fxe3 Qd7 11. h3 g5 12. Nh2 Nh7 13. Bh5 O-O-O 14. Ng4 Rdf8
15. Nf6 Nxf6 16. Rxf6 Nd8 17. g4 Qc6 18. Qf1 Qb6 19. Qe2 Qa7 20. Raf1 Qb6 21.
Kg2 Kb8 22. b3 Qa5 23. Nd5 c6 24. b4 Qa3 25. Ne7 Re8 26. Nf5 Bxf5 27. R6xf5 Re7
28. b5 a5 29. bxc6 Nxc6 30. Rxf7 Rc8 31. Rxe7 Nxe7 32. Rf7 Nc6 33. Bg6 Nb4 34.
Rf2 Nxd3 35. Rf3 Rxc4 36. Kg3 Rc3 37. h4 Nc1 38. Qf2 Nxa2 39. hxg5 hxg5 40. Bf7
Nb4 41. Qe2 Qc1 42. Be6 Qg1+ 43. Qg2 Qe1+ 44. Qf2 Qh1 45. Qg2 Qh4# 0-1

[Event "16. Obert Int. Sant Martí 2014 Grupo B"]
[Site "Barcelona ESP"]
[Date "2014.07.18"]
[Round "6.62"]
[White "Bienvenido Kleque, Jose"]
[Black "Ramon Herraez, Alex"]
[Result "0-1"]
[WhiteElo "1737"]
[BlackElo "1832"]
[PlyCount "38"]
[EventDate "2014.07.13"]
[EventType "swiss"]
[EventRounds "9"]
[EventCountry "ESP"]
[Source "lmi"]
[SourceDate "2014.07.13"]

1. c4 c6 2. d4 d5 3. cxd5 cxd5 4. g3 Bf5 5. Bg2 e6 6. Nf3 Nf6 7. Qa4+ Nc6 8.
Ne5 Qa5+ 9. Qxa5 Nxa5 10. Nc3 Be7 11. O-O O-O 12. b3 Rac8 13. Bb2 Nc6 14. Nxc6
Rxc6 15. Rac1 Rfc8 16. Rfd1 a6 17. Nb1 Rxc1 18. Rxc1 Rxc1+ 19. Bxc1 Bxb1 0-1

[Event "16. Obert Int. Sant Martí 2014 Grupo B"]
[Site "Barcelona ESP"]
[Date "2014.07.18"]
[Round "6.63"]
[White "Ylla Soro, Rafael"]
[Black "Kazmierczak, Ewa"]
[Result "1/2-1/2"]
[WhiteElo "1799"]
[BlackElo "1563"]
[PlyCount "51"]
[EventDate "2014.07.13"]
[EventType "swiss"]
[EventRounds "9"]
[EventCountry "ESP"]
[Source "lmi"]
[SourceDate "2014.07.13"]

1. d4 d5 2. Nf3 Nf6 3. g3 e6 4. Bg2 c5 5. c3 Nc6 6. O-O cxd4 7. cxd4 h6 8. a3
Bd6 9. Nc3 a6 10. e3 O-O 11. b4 b5 12. Bb2 Bb7 13. Nd2 Rc8 14. Nb3 Re8 15. Nc5
Bxc5 16. bxc5 e5 17. Ne2 exd4 18. exd4 Na5 19. Bc3 Nc6 20. Re1 Rc7 21. Nf4
Rxe1+ 22. Bxe1 Re7 23. Bc3 Ne4 24. Be1 Nf6 25. Bc3 Bc8 26. f3 1/2-1/2

[Event "16. Obert Int. Sant Martí 2014 Grupo B"]
[Site "Barcelona ESP"]
[Date "2014.07.18"]
[Round "6.64"]
[White "Orts Gonzalez, Rafael"]
[Black "Vargas Ramirez, Ana Maria"]
[Result "0-1"]
[WhiteElo "1700"]
[BlackElo "1796"]
[PlyCount "76"]
[EventDate "2014.07.13"]
[EventType "swiss"]
[EventRounds "9"]
[EventCountry "ESP"]
[Source "lmi"]
[SourceDate "2014.07.13"]

1. b3 e5 2. Bb2 Nc6 3. g3 d5 4. Bg2 Nf6 5. a3 Be6 6. d3 Qd7 7. Nd2 Bd6 8. Ra2
O-O-O 9. Qa1 Rde8 10. c4 h5 11. h4 Rhg8 12. Nh3 d4 13. b4 Nh7 14. Ne4 f5 15.
Neg5 Nxg5 16. Nxg5 e4 17. O-O Be5 18. f4 exf3 19. Rxf3 Bf6 20. Kh2 Ne5 21. Rf4
Ng4+ 22. Kg1 Be5 23. Rf3 Rd8 24. Bc1 Rge8 25. Bf4 Bg8 26. Rc2 Re7 27. c5 Rde8
28. Rf1 Bxf4 29. Rxf4 Rxe2 30. Bxb7+ Kb8 31. Rxe2 Rxe2 32. Rxd4 Re1+ 33. Qxe1
Qxd4+ 34. Kf1 Qxd3+ 35. Kg1 Qd4+ 36. Kg2 Qb2+ 37. Kg1 Qh2+ 38. Kf1 Bc4+ 0-1

[Event "16. Obert Int. Sant Martí 2014 Grupo B"]
[Site "Barcelona ESP"]
[Date "2014.07.18"]
[Round "6.65"]
[White "Julian Solera, Laura"]
[Black "Tasmin, Sultana"]
[Result "1-0"]
[WhiteElo "1781"]
[BlackElo "1320"]
[PlyCount "101"]
[EventDate "2014.07.13"]
[EventType "swiss"]
[EventRounds "9"]
[EventCountry "ESP"]
[Source "lmi"]
[SourceDate "2014.07.13"]

1. d4 d6 2. Nf3 Nf6 3. e3 g6 4. Bd3 Bg7 5. b3 O-O 6. Bb2 a6 7. Nbd2 Nbd7 8. O-O
Re8 9. Re1 e5 10. e4 b5 11. h3 Bb7 12. a4 bxa4 13. Rxa4 c5 14. d5 Qb6 15. Nc4
Qc7 16. Qd2 Nh5 17. Qa5 Qb8 18. Bc1 Nf4 19. Bxf4 exf4 20. Ra2 Ne5 21. Nfxe5
Bxe5 22. Nxe5 Rxe5 23. Qd2 g5 24. h4 Qd8 25. Qe2 a5 26. Qf3 Ba6 27. Bxa6 Rxa6
28. hxg5 Qxg5 29. Qh3 Qg6 30. Qc8+ Kg7 31. Qxa6 Rxe4 32. Rxe4 f3 33. g3 Qxe4
34. Qd3 Qe1+ 35. Qf1 Qd2 36. Qa1+ Kg6 37. c3 Qxd5 38. Qb1+ Kg7 39. Rxa5 Qh5 40.
Ra6 Qh3 41. Qf1 Qe6 42. b4 cxb4 43. cxb4 Qe7 44. b5 Kf6 45. Qa1+ Kg5 46. b6 Qd7
47. Ra7 Qh3 48. Qf1 Qc8 49. b7 Qb8 50. Qa6 Qe8 51. Qa1 1-0

[Event "16. Obert Int. Sant Martí 2014 Grupo B"]
[Site "Barcelona ESP"]
[Date "2014.07.18"]
[Round "6.67"]
[White "Serentill Tost, Eduard"]
[Black "Marcelo, Diego Luis"]
[Result "1-0"]
[WhiteElo "1854"]
[BlackElo "1706"]
[PlyCount "93"]
[EventDate "2014.07.13"]
[EventType "swiss"]
[EventRounds "9"]
[EventCountry "ESP"]
[Source "lmi"]
[SourceDate "2014.07.13"]

1. e4 e5 2. Nf3 Nc6 3. Bb5 Nf6 4. O-O Be7 5. Re1 O-O 6. c3 a6 7. Ba4 b5 8. Bc2
h6 9. d4 d6 10. h3 Bd7 11. Nbd2 Rb8 12. Nf1 Be8 13. Be3 b4 14. Ng3 Qd7 15. c4
Nd8 16. dxe5 dxe5 17. Nxe5 Qxd1 18. Raxd1 Nc6 19. Nxc6 Bxc6 20. e5 Nd7 21. Nf5
Bd8 22. f4 Bb7 23. Rxd7 Bc6 24. Ne7+ Bxe7 25. Rxe7 Rbc8 26. e6 fxe6 27. Rxe6
Bd7 28. Re7 Rcd8 29. Bg6 Bf5 30. Bxf5 Rxf5 31. Rxc7 Rf6 32. c5 Re6 33. c6 Rd3
34. Kf2 b3 35. a3 Rd5 36. Rc8+ Kf7 37. c7 Rc6 38. Rd8 Ke6 39. c8=Q+ Rxc8 40.
Rxc8 Ke7 41. Bb6+ Kf6 42. g4 Rd2+ 43. Re2 Rd6 44. Rf8+ Kg6 45. f5+ Kg5 46. Kg3
h5 47. Be3# 1-0

[Event "16. Obert Int. Sant Martí 2014 Grupo B"]
[Site "Barcelona ESP"]
[Date "2014.07.18"]
[Round "6.68"]
[White "Guinjoan Fradera, Joan"]
[Black "Marabajan Navas, Saul"]
[Result "1-0"]
[WhiteElo "1770"]
[BlackElo "1723"]
[PlyCount "95"]
[EventDate "2014.07.13"]
[EventType "swiss"]
[EventRounds "9"]
[EventCountry "ESP"]
[Source "lmi"]
[SourceDate "2014.07.13"]

1. e4 e5 2. Nf3 Nc6 3. c4 Nf6 4. d3 Bb4+ 5. Bd2 Bxd2+ 6. Qxd2 O-O 7. Be2 d6 8.
O-O h6 9. b4 Be6 10. b5 Ne7 11. Nc3 Qd7 12. h3 Bxh3 13. gxh3 Qxh3 14. Nh2 Ng6
15. Qe3 Qh4 16. Qg3 Qxg3+ 17. fxg3 c6 18. Rab1 c5 19. Nd5 Nxd5 20. cxd5 f6 21.
Nf3 Rf7 22. Kg2 Raf8 23. Nh4 Nxh4+ 24. gxh4 g6 25. Rf3 Rh7 26. Rbf1 Kg7 27. a4
g5 28. h5 a6 29. b6 a5 30. R1f2 Kg8 31. Rxf6 Rxf6 32. Rxf6 Rd7 33. Rxh6 Kg7 34.
Rg6+ Kh7 35. Rxg5 Rg7 36. Rxg7+ Kxg7 37. Kg3 Kh6 38. Kh4 Kg7 39. Bg4 Kh6 40.
Bc8 Kh7 41. Bxb7 Kg7 42. Bc6 Kf7 43. b7 Kg8 44. b8=Q+ Kh7 45. Kg5 Kg7 46. h6+
Kh7 47. Qb7+ Kh8 48. Qg7# 1-0

[Event "16. Obert Int. Sant Martí 2014 Grupo B"]
[Site "Barcelona ESP"]
[Date "2014.07.18"]
[Round "6.69"]
[White "Jimenez Rimblas, Raul"]
[Black "Perez Ramirez, Placido"]
[Result "0-1"]
[WhiteElo "1706"]
[BlackElo "1800"]
[PlyCount "78"]
[EventDate "2014.07.13"]
[EventType "swiss"]
[EventRounds "9"]
[EventCountry "ESP"]
[Source "lmi"]
[SourceDate "2014.07.13"]

1. e4 e5 2. Nf3 Nc6 3. Bc4 Nf6 4. d3 h6 5. Nc3 Bc5 6. Be3 Bxe3 7. fxe3 O-O 8.
O-O d6 9. h3 a6 10. Qd2 Ne7 11. Rf2 b5 12. Bb3 c6 13. a3 Kh8 14. Raf1 Ng6 15.
Qe2 Re8 16. a4 Qe7 17. Nh2 Bb7 18. Ng4 d5 19. Nxf6 gxf6 20. exd5 cxd5 21. Nxd5
Bxd5 22. Bxd5 Rad8 23. Bb3 Rd6 24. Qd1 Rg8 25. Qa1 Nf8 26. Qa2 Rg7 27. axb5
axb5 28. Qa5 Qd7 29. Rf3 Nh7 30. Kh2 Rg6 31. Rg3 f5 32. Qa8+ Kg7 33. Qf3 Ng5
34. Qxf5 Qe7 35. h4 Rdf6 36. Qg4 Rxf1 37. Qe2 Nf3+ 38. gxf3 Qxh4+ 39. Rh3 Rf2+
0-1

[Event "16. Obert Int. Sant Martí 2014 Grupo B"]
[Site "Barcelona ESP"]
[Date "2014.07.18"]
[Round "6.70"]
[White "Mir Bellmunt, Jose"]
[Black "Cassi Gimeno, Jordi"]
[Result "1/2-1/2"]
[WhiteElo "1758"]
[BlackElo "1700"]
[PlyCount "54"]
[EventDate "2014.07.13"]
[EventType "swiss"]
[EventRounds "9"]
[EventCountry "ESP"]
[Source "lmi"]
[SourceDate "2014.07.13"]

1. e4 c5 2. d4 cxd4 3. Qxd4 Nc6 4. Qe3 d6 5. Nf3 e5 6. Nc3 Nf6 7. h3 a6 8. a3
Be7 9. Bc4 b5 10. Ba2 O-O 11. O-O Bb7 12. b4 Rc8 13. Bb2 Qc7 14. Rac1 h6 15.
Nd5 Nxd5 16. Bxd5 Bf6 17. c4 Qd7 18. cxb5 axb5 19. Qd3 Nd8 20. Rxc8 Bxc8 21.
Bb3 Ne6 22. Rd1 Rd8 23. Bxe6 fxe6 24. Nh2 h5 25. Qe2 g6 26. g4 h4 27. Nf3 g5
1/2-1/2

[Event "16. Obert Int. Sant Martí 2014 Grupo B"]
[Site "Barcelona ESP"]
[Date "2014.07.18"]
[Round "6.71"]
[White "Bernat Mor, Juli"]
[Black "Castilla Casanova, Víctor"]
[Result "1/2-1/2"]
[WhiteElo "1700"]
[BlackElo "1754"]
[PlyCount "53"]
[EventDate "2014.07.13"]
[EventType "swiss"]
[EventRounds "9"]
[EventCountry "ESP"]
[Source "lmi"]
[SourceDate "2014.07.13"]

1. e4 e5 2. Nf3 Nc6 3. d4 d5 4. Nxe5 Nxe5 5. dxe5 f6 6. exf6 Nxf6 7. Bg5 h6 8.
Bxf6 Qxf6 9. c3 Bc5 10. Qf3 O-O 11. Qxf6 Rxf6 12. f3 Be6 13. Nd2 Re8 14. O-O-O
Be3 15. Kb1 dxe4 16. Nxe4 Bf5 17. Bd3 Bxe4 18. Bxe4 b6 19. Rhe1 Bf4 20. Bh7+
Kf7 21. Rxe8 Kxe8 22. h3 Bg5 23. Be4 Bf4 24. Kc2 Re6 25. a3 Re5 26. g4 Ke7 27.
h4 1/2-1/2

[Event "16. Obert Int. Sant Martí 2014 Grupo B"]
[Site "Barcelona ESP"]
[Date "2014.07.18"]
[Round "6.72"]
[White "Olleta Tanya, Jordi"]
[Black "Trabado Nieto, David"]
[Result "1-0"]
[WhiteElo "1749"]
[BlackElo "1700"]
[PlyCount "43"]
[EventDate "2014.07.13"]
[EventType "swiss"]
[EventRounds "9"]
[EventCountry "ESP"]
[Source "lmi"]
[SourceDate "2014.07.13"]

1. c4 e5 2. Nc3 f5 3. e4 Nf6 4. exf5 Nc6 5. Bd3 Bc5 6. Nf3 d6 7. O-O Ng4 8. h3
Bxf2+ 9. Rxf2 Nxf2 10. Kxf2 e4 11. Bxe4 Bd7 12. d3 Qf6 13. Bg5 Qd4+ 14. Nxd4
Nxd4 15. Nd5 Nc6 16. Nxc7+ Kf8 17. Nxa8 Ne7 18. Nc7 Nc8 19. Ne6+ Bxe6 20. fxe6
h6 21. Qf3+ Kg8 22. Qf7# 1-0